[Event "AUTO-MASTER-2540"]
[Site "http://www.queenalice.com/game.php?id=1455101"]
[Date "2016.12.16"]
[Round "1"]
[White "Alexandrovinsk"]
[Black "jnable"]
[Result "0-1"]
[WhiteElo "2218"]
[BlackElo "2193"]

1. d4 Nf6 2. c4 g6 3. Nf3 d5 4. e3 Bg7 5. Bd3 c6 6. O-O Bg4 7. Nbd2 O-O 8. b3
Nbd7 9. Qc2 Qc7 10. Bb2 Rfe8 11. h3 Bxf3 12. Nxf3 Rac8 13. Rac1 e6 14. Ne5 Nxe5
15. dxe5 Nd7 16. f4 b6 17. Qf2 Rf8 18. cxd5 exd5 19. e4 dxe4 20. Bxe4 Nc5 21.
Bb1 Nd7 22. Rfd1 Rfe8 23. Be4 Nc5 24. Bf3 Qb7 25. b4 Ne6 26. g3 Bf8 27. a3 a5
28. b5 Nd8 29. bxc6 Nxc6 30. Qg2 Bc5+ 31. Kh2 Qc7 32. Bg4 Rcd8 33. Bf3 Rxd1 34.
Rxd1 Nd8 35. Rd6 Bxd6 0-1

[Event "AUTO-MASTER-2540"]
[Site "http://www.queenalice.com/game.php?id=1455102"]
[Date "2016.12.16"]
[Round "1"]
[White "jnable"]
[Black "Alexandrovinsk"]
[Result "0-1"]
[WhiteElo "2169"]
[BlackElo "2163"]

1. Nf3 Nf6 2. d4 d6 3. c4 g6 4. Nc3 Bg7 5. e4 Nc6 6. Bd3 O-O 7. O-O e5 8. d5 Ne7
9. h3 c5 10. dxc6 bxc6 11. Be3 Nh5 12. Nd2 a5 13. Ne2 a4 14. b3 f5 15. f3 f4 16.
Bf2 Bf6 17. Rb1 Be6 18. Nc3 a3 19. Qc2 Qd7 20. Kh2 Kg7 21. Na4 Rab8 22. Rfd1 Ng8
23. b4 Ng3 24. Bxg3 fxg3+ 25. Kxg3 Bg5 26. Kh2 Bf4+ 27. Kg1 Qe7 28. Nf1 Qh4 29.
Qf2 Qh6 30. Nc3 Ne7 31. Ne2 Qh5 32. Nxf4 exf4 33. Qa7 Rbe8 34. Qxa3 g5 35. Nh2
Ng6 36. b5 c5 37. b6 Ne5 38. b7 Rb8 39. Qa5 Qf7 40. Qa6 Nxd3 41. Rxd3 Bxc4 42.
Qxd6 Bxd3 43. Qxd3 Rxb7 44. Rxb7 Qxb7 45. Qc3+ Kg6 46. Qxc5 Qb1+ 47. Nf1 Rf6 48.
a4 Qb6 49. Qxb6 Rxb6 50. Nd2 Ra6 51. Kf1 Rxa4 52. Ke2 Rd4 53. Nb3 Rb4 54. Nc5
Rb2+ 55. Kf1 h5 56. e5 Rc2 57. Nd3 Kf5 58. Nb4 Rc3 59. Na2 Re3 0-1

[Event "AUTO-MASTER-2540"]
[Site "http://www.queenalice.com/game.php?id=1455113"]
[Date "2016.12.16"]
[Round "1"]
[White "jnable"]
[Black "chessman"]
[Result "0-1"]
[WhiteElo "2206"]
[BlackElo "1921"]

1. d4 d5 2. c4 Nf6 3. Nf3 e6 4. Bg5 Be7 5. e3 O-O 6. Nc3 a6 7. Bd3 Re8 8. O-O
Nbd7 9. Rc1 dxc4 10. Bxc4 b5 11. Bb3 c5 12. dxc5 Nxc5 13. Bc2 Qxd1 14. Rfxd1 Bb7
15. Nd4 Rad8 16. b4 Ncd7 17. a3 Nb6 18. Bxf6 Bxf6 19. Ne4 Bxe4 20. Bxe4 Nc4 21.
a4 Bxd4 22. exd4 Rd6 23. axb5 axb5 24. Bd3 Rc8 25. Bxc4 bxc4 26. b5 Rb6 27. Rb1
c3 28. Rdc1 g6 29. Rb3 Kf8 30. Rcxc3 Rxc3 31. Rxc3 Rxb5 32. Kf1 Rd5 33. Rc4 Ke7
34. Ke2 h5 35. h4 Kf6 36. Ke3 Kf5 37. f3 f6 38. g3 g5 39. Rc5 gxh4 40. gxh4 Rxc5
41. dxc5 Ke5 42. f4+ Kd5 43. Kd3 Kxc5 44. Ke4 Kc4 45. Ke3 Kd5 46. Kd3 f5 47. Ke3
e5 48. fxe5 Kxe5 49. Kf3 f4 50. Kf2 Ke4 51. Ke2 f3+ 52. Kf2 Kf4 53. Kf1 Kg4 54.
Kf2 Kf4 55. Kf1 Kg3 56. Kg1 Kxh4 0-1

[Event "AUTO-MASTER-2540"]
[Site "http://www.queenalice.com/game.php?id=1455114"]
[Date "2016.12.16"]
[Round "1"]
[White "chessman"]
[Black "jnable"]
[Result "0-1"]
[WhiteElo "1953"]
[BlackElo "2143"]

1. d4 d5 2. c4 c6 3. Nc3 Nf6 4. Bg5 e6 5. e4 dxe4 6. Nxe4 Be7 7. Bxf6 Bxf6 8.
Nf3 Nd7 9. Nd6+ Kf8 10. Rc1 Be7 11. Ne4 Nf6 12. Nc3 g6 13. Be2 Kg7 14. O-O Re8
15. a3 b6 16. Re1 Bb7 17. h3 Nd7 18. d5 cxd5 19. cxd5 exd5 20. Nxd5 Bf8 21. Qd4+
Nf6 22. Bc4 Bxd5 23. Rxe8 Qxe8 24. Bxd5 Bc5 25. Qc4 Nxd5 26. Qxd5 Rd8 27. Qb3
Qe2 28. Rf1 Rd3 29. Qc4 Re3 30. Qxe2 Rxe2 31. b4 Bd6 32. Rd1 Be7 33. Rd7 a5 34.
Rb7 axb4 35. axb4 Bxb4 36. Rxb6 Bc5 37. Rc6 Bxf2+ 38. Kf1 Rb2 39. Rc7 Bb6 0-1

[Event "Challenge"]
[Site "http://www.queenalice.com/game.php?id=1458483"]
[Date "2017.1.8"]
[Round "-"]
[White "zugzwangskie"]
[Black "jnable"]
[Result "0-1"]
[WhiteElo "2126"]
[BlackElo "2162"]

1. e4 c5 2. Nf3 Nc6 3. d4 cxd4 4. Nxd4 Nf6 5. Nc3 a6 6. Nxc6 bxc6 7. e5 Ng8 8.
Bc4 d5 9. exd6 Qxd6 10. Qf3 Nf6 11. h3 Be6 12. Bf4 Qd7 13. Rd1 Qc8 14. Bxe6
Qxe6+ 15. Be3 Qc8 0-1

[Event "Challenge"]
[Site "http://www.queenalice.com/game.php?id=1458484"]
[Date "2017.1.8"]
[Round "-"]
[White "zugzwangskie"]
[Black "jnable"]
[Result "0-1"]
[WhiteElo "2115"]
[BlackElo "2173"]

1. e4 e5 2. Nf3 Nf6 3. Nxe5 d6 4. Nf3 Nxe4 5. d4 d5 6. Bd3 Bd6 7. O-O Bf5 8. c4
c6 9. Qb3 Qb6 10. Qc2 Nd7 11. c5 Ndxc5 12. dxc5 Bxc5 13. Nc3 O-O 14. Na4 Qa5 0-1

[Event "Challenge"]
[Site "http://www.queenalice.com/game.php?id=1458485"]
[Date "2017.1.8"]
[Round "-"]
[White "zugzwangskie"]
[Black "jnable"]
[Result "0-1"]
[WhiteElo "2210"]
[BlackElo "2185"]

1. e4 e5 2. Nf3 Nc6 3. Bb5 Nf6 4. O-O Be7 5. Nc3 d6 6. d4 exd4 7. Nxd4 Bd7 8.
Nxc6 Bxc6 9. Bxc6+ bxc6 10. f4 O-O 11. Qf3 d5 12. e5 Nd7 13. Kh1 Nc5 14. f5 Kh8
15. f6 gxf6 16. exf6 Bd6 17. Bh6 Rg8 18. Bg7+ Rxg7 19. fxg7+ Kxg7 20. Qg4+ Kf8
21. Qh5 Qd7 22. Qxh7 Re8 23. Qh8+ Ke7 0-1

[Event "AUTO-MASTER-2447"]
[Site "http://www.queenalice.com/game.php?id=1459682"]
[Date "2017.1.15"]
[Round "2"]
[White "KLEOJ"]
[Black "jnable"]
[Result "0-1"]
[WhiteElo "2183"]
[BlackElo "2149"]

1. Nc3 c5 2. d4 cxd4 3. Qxd4 Nc6 4. Qh4 d5 5. Bg5 f6 6. Bd2 e5 7. O-O-O Nge7 8.
e3 Ng6 9. Qh5 Be6 10. Bd3 Bf7 11. Qe2 Bd6 12. e4 d4 13. Nd5 O-O 14. h4 Nge7 15.
Nxe7+ Qxe7 16. Kb1 a5 17. h5 Bb4 18. Bc1 a4 19. a3 Bd6 20. h6 g6 21. Nh3 Qe6 22.
c4 dxc3 23. bxc3 Na5 24. Bc2 Qa2# 0-1

[Event "AUTO-MASTER-2447"]
[Site "http://www.queenalice.com/game.php?id=1459683"]
[Date "2017.1.15"]
[Round "2"]
[White "jnable"]
[Black "KLEOJ"]
[Result "1-0"]
[WhiteElo "2186"]
[BlackElo "2148"]

1. e4 Nc6 2. d4 e5 3. d5 Nce7 4. c4 Ng6 5. Nc3 Nf6 6. f3 Bc5 7. Bd3 O-O 8. Nge2
d6 9. Na4 Bb4+ 10. Bd2 Bxd2+ 11. Qxd2 Bd7 12. Nac3 a6 13. O-O Qe7 14. b4 Rfb8
15. Ng3 Nf4 16. Nce2 Nxe2+ 17. Qxe2 c5 18. a3 g6 19. Rfb1 b6 20. Qd2 Ba4 21. Nf1
Qc7 22. Qg5 Kg7 23. Ne3 Bd7 24. h3 h6 25. Qg3 Nh5 26. Qf2 Nf4 27. Bf1 a5 28. b5
Kh7 29. g4 Qd8 30. Qg3 Qe7 31. h4 f5 32. g5 fxe4 33. fxe4 Rf8 34. Ra2 Nh5 35.
Qh2 hxg5 36. hxg5 Qxg5+ 37. Ng2 Rf4 38. Kh1 Rg4 39. Kg1 Rf8 40. Rf2 Qe3 41. Rb2
Kg7 42. Ra2 Ng3 43. Nxe3 Ne2+ 44. Kh1 1-0

[Event "AUTO-MASTER-2447"]
[Site "http://www.queenalice.com/game.php?id=1459688"]
[Date "2017.1.15"]
[Round "2"]
[White "Rachman"]
[Black "jnable"]
[Result "1-0"]
[WhiteElo "2298"]
[BlackElo "2177"]

1. c4 c5 2. Nf3 Nc6 3. Nc3 Nf6 4. g3 b6 5. Bg2 e6 6. O-O Bb7 7. e3 Be7 8. d3 d5
9. cxd5 exd5 10. d4 O-O 11. b3 Nb4 12. a3 Nc6 13. Bb2 Rc8 14. Rc1 a6 15. Na4 Qd6
16. Nxb6 Rcd8 17. dxc5 Qc7 18. b4 Nd7 19. Nxd5 Qb8 20. Nd4 Bf6 21. Nxc6 Bxc6 22.
Bxf6 Nxf6 23. Nxf6+ gxf6 24. Qg4+ Kh8 25. Bxc6 Rg8 26. Qh4 Qe5 27. Rfd1 1-0

[Event "AUTO-MASTER-2447"]
[Site "http://www.queenalice.com/game.php?id=1459689"]
[Date "2017.1.15"]
[Round "2"]
[White "jnable"]
[Black "Rachman"]
[Result "1/2-1/2"]
[WhiteElo "2159"]
[BlackElo "2231"]

1. e4 e6 2. d4 d5 3. Nc3 Bb4 4. e5 c5 5. a3 Bxc3+ 6. bxc3 Ne7 7. f4 Qa5 8. Bd2
Nbc6 9. Nf3 cxd4 10. cxd4 Qa4 11. c3 Qxd1+ 12. Rxd1 a6 13. Bd3 Bd7 14. O-O O-O
15. a4 Rfc8 16. Rb1 Rc7 17. Rfc1 Rac8 18. Ng5 g6 19. g4 Na7 20. Kf2 b5 21. axb5
Bxb5 22. Bxb5 Nxb5 23. Rb3 Nc6 24. Rbb1 Na5 25. Rb2 Nc4 26. Ra2 Nxd2 27. Rxd2
Rxc3 28. Rxc3 Rxc3 29. Nf3 Rc6 30. Ne1 Na3 31. Nd3 Rc2 32. Ke2 Rxd2+ 33. Kxd2
Nc4+ 34. Kc3 a5 35. Nb2 Ne3 36. h3 Ng2 37. Nd3 Kg7 38. Kb3 Ne3 39. Ka4 Nc4 40.
Nc5 g5 41. fxg5 Kg6 42. h4 Ne3 43. Kxa5 Nxg4 44. Nb7 Nh2 45. Nd8 Nf3 46. h5+
Kxg5 47. Nxf7+ Kxh5 48. Nd8 Nxd4 49. Kb4 Kg4 50. Kc3 Nf3 51. Nxe6 Kf5 52. Nf8 h5
53. e6 d4+ 54. Kd3 Kf6 55. Ke4 Ng5+ 56. Kxd4 h4 1/2-1/2

[Event "AUTO-MASTER-2480"]
[Site "http://www.queenalice.com/game.php?id=1468416"]
[Date "2017.3.11"]
[Round "2"]
[White "Guilherme_Ottoni"]
[Black "jnable"]
[Result "1-0"]
[WhiteElo "2210"]
[BlackElo "2197"]

1. e4 e5 2. Nf3 Nc6 3. Bb5 a6 4. Ba4 Bc5 5. c3 b5 6. Bc2 Nf6 7. O-O O-O 8. d4
exd4 9. e5 Ng4 10. cxd4 Bb6 11. h3 Nh6 12. Bxh6 gxh6 13. Qd3 f5 14. exf6 Rf7 15.
Bb3 d5 16. Nc3 Be6 17. Ne5 Nxe5 18. dxe5 c6 19. Qg3+ Kf8 20. Qh4 Ke8 21. Qxh6
Kd7 22. Bc2 Qh8 23. Kh1 Bc7 24. f4 Rg8 25. Rae1 c5 26. f5 d4 27. fxe6+ Kxe6 28.
Ne4 Bb6 29. Ng5+ Kd5 30. Nxf7 1-0

[Event "AUTO-MASTER-2480"]
[Site "http://www.queenalice.com/game.php?id=1468417"]
[Date "2017.3.11"]
[Round "2"]
[White "jnable"]
[Black "Guilherme_Ottoni"]
[Result "0-1"]
[WhiteElo "2198"]
[BlackElo "2182"]

1. d4 Nf6 2. c4 g6 3. Nc3 d5 4. e3 Bg7 5. Nf3 O-O 6. Bd3 b6 7. O-O Bb7 8. b3
dxc4 9. bxc4 Nbd7 10. Bb2 c5 11. d5 a6 12. a4 Qc7 13. h3 Rfe8 14. e4 e6 15. Re1
Ne5 16. Nh2 Nxd3 17. Qxd3 Rad8 18. g3 Nd7 19. f4 Bd4+ 20. Kg2 f6 21. Nf3 Bxc3
22. Qxc3 Kg7 23. e5 f5 24. Rad1 Nf8 25. d6 Qc6 0-1

[Event "AUTO-MASTER-2480"]
[Site "http://www.queenalice.com/game.php?id=1468418"]
[Date "2017.3.11"]
[Round "2"]
[White "LuisGabriel_HD"]
[Black "jnable"]
[Result "0-1"]
[WhiteElo "1979"]
[BlackElo "2152"]

1. e4 c5 2. Nc3 Nc6 3. Nf3 e6 4. Bb5 d5 5. exd5 exd5 6. d4 Nf6 7. Bg5 cxd4 8.
Nxd4 Bd7 9. O-O Be7 10. Re1 O-O 11. Bxf6 Bxf6 12. Nf3 a6 13. Bxc6 Bxc6 14. Qd3
Qb6 15. b3 Qb4 16. Ne5 Rad8 17. Rad1 Qf4 18. Nxc6 bxc6 19. Ne2 Qd6 20. a4 c5 21.
g3 Rfe8 22. Nf4 d4 23. c3 Rxe1+ 24. Rxe1 g6 25. h4 Be5 26. Ne2 dxc3 27. Qc4 Qd2
28. Rc1 Bd4 29. Rf1 Re8 30. Nxd4 cxd4 31. Qc6 Qe2 32. b4 c2 33. Rc1 d3 34. Kg2
Qe4+ 35. Qxe4 Rxe4 36. Kf3 Rxb4 37. Ke3 Rb1 38. Kd2 Rxc1 39. Kxd3 Rf1 40. Kxc2
Rxf2+ 41. Kd1 f5 42. Ke1 Ra2 43. Kd1 Rxa4 44. Kc2 Ra3 45. Kb2 Rxg3 46. Kc2 a5
47. Kb2 f4 48. Kc2 a4 49. Kb2 Re3 50. Kc2 f3 51. Kd2 Rb3 52. Kc2 f2 53. Kd2 f1=Q
54. h5 Qg2+ 55. Kc1 Rh3 0-1

[Event "AUTO-MASTER-2480"]
[Site "http://www.queenalice.com/game.php?id=1468419"]
[Date "2017.3.11"]
[Round "2"]
[White "jnable"]
[Black "LuisGabriel_HD"]
[Result "0-1"]
[WhiteElo "2171"]
[BlackElo "1959"]

1. d4 d5 2. c4 dxc4 3. e4 Nc6 4. Bxc4 Qxd4 5. Qxd4 Nxd4 6. Bd3 e5 7. Be3 Bc5 8.
Nc3 c6 9. Nge2 Nxe2 10. Kxe2 Bxe3 11. Kxe3 Nf6 12. f3 O-O 13. Rad1 a5 14. Na4 b5
15. Nc5 Rd8 16. Rhe1 g5 17. h3 h5 18. Re2 g4 19. hxg4 hxg4 20. Rc2 gxf3 21. gxf3
Nd7 22. f4 exf4+ 23. Kxf4 Nxc5 24. Rxc5 Bb7 25. Rg5+ Kf8 26. e5 Rd4+ 27. Ke3 Rh4
28. Rc1 Rh3+ 29. Ke2 Rh2+ 30. Ke3 Rd8 31. Be4 Rxb2 32. Bxc6 Bxc6 33. Rxc6 Rxa2
34. e6 Re8 35. Rf5 Ra1 36. Rxf7+ Kg8 37. Rb7 b4 38. Rcb6 Re1+ 39. Kd4 R1xe6 40.
Rb5 Re4+ 41. Kd3 R4e5 42. Rb8 Rxb5 43. Rxb5 Ra8 44. Rb7 Kf8 45. Kc4 Ke8 46. Kb3
Rd8 47. Rb5 Rd3+ 48. Kb2 Ra3 49. Rb7 Kd8 50. Kc2 Kc8 51. Ra7 Kb8 52. Rf7 a4 53.
Kb2 Re3 54. Rh7 a3+ 55. Ka2 Rc3 56. Rh4 Rc2+ 57. Kb1 Rb2+ 58. Ka1 Kb7 59. Rh6 b3
60. Rh7+ Kc6 61. Rh6+ Kd5 62. Rh5+ Ke4 63. Ra5 Ra2+ 64. Kb1 Kd3 65. Rc5 Rc2 0-1

[Event "Challenge"]
[Site "http://www.queenalice.com/game.php?id=1475087"]
[Date "2017.4.24"]
[Round "-"]
[White "zugzwangskie"]
[Black "jnable"]
[Result "1-0"]
[WhiteElo "2400"]
[BlackElo "2157"]

1. e4 e5 2. Nf3 Nc6 3. Bc4 Be7 4. d4 exd4 5. Nxd4 Nf6 6. Nxc6 dxc6 7. Qxd8+ Bxd8
8. Nc3 O-O 9. f3 Be7 10. Bf4 Ne8 11. O-O-O Nd6 12. Bb3 Bd7 13. e5 Be6 14. exd6
cxd6 15. Bxe6 fxe6 16. Bxd6 Bg5+ 17. Kb1 1-0

[Event "AUTO-MASTER-2540"]
[Site "http://www.queenalice.com/game.php?id=1483051"]
[Date "2017.6.20"]
[Round "2"]
[White "jnable"]
[Black "abelhm"]
[Result "1-0"]
[WhiteElo "2159"]
[BlackElo "2167"]

1. e4 e6 2. d4 d5 3. Nc3 Bb4 4. e5 c5 5. Qg4 g6 6. Bb5+ Bd7 7. Bxd7+ Nxd7 8. Ne2
Qb6 9. Bd2 cxd4 10. Nxd4 Nxe5 11. Qf4 Nc4 12. O-O Nxd2 13. Qxd2 Rc8 14. Nde2 Nf6
15. Qe3 Qxe3 16. fxe3 O-O 17. Rxf6 1-0

[Event "AUTO-MASTER-2540"]
[Site "http://www.queenalice.com/game.php?id=1483052"]
[Date "2017.6.20"]
[Round "2"]
[White "abelhm"]
[Black "jnable"]
[Result "0-1"]
[WhiteElo "2158"]
[BlackElo "2147"]

1. e4 e5 2. Nf3 Nc6 3. Nc3 Bc5 4. Bb5 d6 5. d4 exd4 6. Nxd4 Bd7 7. Nxc6 Bxc6 8.
Bxc6+ bxc6 9. O-O Nf6 10. Bg5 O-O 11. Na4 Bb4 12. a3 Ba5 13. Qf3 Qe7 14. Bxf6
Qxf6 15. Qxf6 gxf6 16. Rad1 Rab8 17. b3 Rfd8 18. Nb2 Bc3 19. Nd3 a5 20. Nf4 Kg7
21. Rb1 a4 22. bxa4 Ra8 23. Ne2 Bd2 24. Rb3 Rxa4 25. Rd1 Ba5 26. Rd4 Rxd4 27.
Nxd4 Bb6 28. Kf1 Bxd4 29. f3 d5 0-1

[Event "AUTO-MASTER-2540"]
[Site "http://www.queenalice.com/game.php?id=1483053"]
[Date "2017.6.20"]
[Round "2"]
[White "jnable"]
[Black "Spiritus"]
[Result "0-1"]
[WhiteElo "2153"]
[BlackElo "2343"]

1. d4 d5 2. c4 e6 3. Nc3 c6 4. Nf3 Nf6 5. Bg5 h6 6. Bf4 dxc4 7. e4 b5 8. a3 a6
9. b3 b4 10. axb4 Bxb4 11. Qc2 Nxe4 12. Bd2 Nxd2 13. Qxd2 cxb3 14. Rb1 a5 15.
Rxb3 Ba6 16. Bxa6 Nxa6 17. O-O O-O 18. Qd3 Nc5 19. Qc2 Nxb3 20. Qxb3 Bxc3 21.
Qxc3 Qd5 22. Ne5 Rfc8 0-1

[Event "AUTO-MASTER-2540"]
[Site "http://www.queenalice.com/game.php?id=1483054"]
[Date "2017.6.20"]
[Round "2"]
[White "Spiritus"]
[Black "jnable"]
[Result "1/2-1/2"]
[WhiteElo "2360"]
[BlackElo "2161"]

1. e4 c5 2. Nc3 Nc6 3. f4 e6 4. Nf3 d5 5. Bb5 Nf6 6. Bxc6+ bxc6 7. d3 Be7 8. e5
Nd7 9. b3 O-O 10. O-O Nb6 11. Ne2 Ba6 12. Be3 c4 13. d4 Rc8 14. Ng5 h6 15. Nf3
Nd7 16. Re1 f6 17. exf6 Bxf6 18. Ne5 c5 19. Nxd7 Qxd7 20. c3 cxd4 21. Nxd4 cxb3
22. axb3 Bxd4 23. Qxd4 Qc6 24. Qxa7 Bb7 25. Rec1 d4 26. Rc2 dxe3 27. Qxe3 Rf6
28. Re1 Rg6 29. Ree2 Rd8 30. Rcd2 Ra8 31. h3 Ra5 32. Qd3 Qe8 33. c4 Rf6 34. Qd7
Qxd7 35. Rxd7 Bc6 36. Rd6 Bb7 37. Rb6 Bc8 38. Rb8 Rf8 39. Kh2 Bd7 40. Rb7 Bc8
41. Rb8 1/2-1/2

[Event "Challenge"]
[Site "http://www.queenalice.com/game.php?id=1491330"]
[Date "2017.8.23"]
[Round "-"]
[White "waldi"]
[Black "jnable"]
[Result "0-1"]
[WhiteElo "1771"]
[BlackElo "2167"]

1. c4 c5 2. Nc3 Nc6 3. g3 e6 4. Bg2 Nf6 5. Nf3 d5 6. cxd5 exd5 7. d4 Be6 8. O-O
Be7 9. Bg5 O-O 10. a3 Qb6 11. Na4 Qb5 12. dxc5 Ne4 13. Bxe7 Nxe7 14. b4 Qd7 15.
Ne5 Qc7 16. f4 f5 17. Rc1 Rac8 18. b5 a6 19. b6 Qd8 20. e3 Nc6 21. Nxc6 Rxc6 22.
Bxe4 fxe4 23. Qh5 Rf5 24. Qe2 Bd7 25. g4 Rff6 26. h4 Rf7 27. g5 Qc8 28. Qh2 Bg4
29. Rf2 Bf3 0-1